000 00235nam a2200097Ia 4500
005 20251222155039.0
008 251222s9999||||xx |||||||||||||| ||spa||
082 _aNUT.41
245 0 _aAlimentos nutritivos, lonchera escolar
942 _cLIB
999 _c36840
_d36840